书目信息 |
| 题名: |
PageMaker7.0平面设计及排版实用教程
|
|
| 作者: | 董丽晖 , 周辉 , 李敏 | |
| 分册: | ||
| 出版信息: | 北京 清华大学出版社 2006 |
|
| 页数: | 267 | |
| 开本: | 26cm | |
| 丛书名: | ||
| 单 册: | ||
| 中图分类: | TQ32 | |
| 科图分类: | ||
| 主题词: | 塑料工业 , 合成树脂--化学工业 | |
| 电子资源: | ||
| ISBN: | 7-302-12169-9 | |
| 000 | 00695nam0 2200217 450 | |
| 001 | 0729297901 | |
| 005 | 20071003080817.90 | |
| 010 | @a7-302-12169-9@d¥26.00 | |
| 100 | @a20071003d km y0chiy0120 ea | |
| 101 | 0 | @achi |
| 200 | 1 | @aPageMaker7.0平面设计及排版实用教程@APageMaker7.0 ping mian she ji ji pai ban shi yong jiao cheng@f周辉,李敏,董丽晖@Fzhou hui,li min,dong li hui |
| 210 | @a北京@c清华大学出版社@d2006 | |
| 215 | @a267@d26cm | |
| 606 | 0 | @a塑料工业 |
| 606 | 0 | @a合成树脂@x化学工业 |
| 690 | @aTQ32@v4 | |
| 701 | 0 | @a董丽晖@Adong li hui |
| 701 | 0 | @a周辉@Azhou hui |
| 701 | 0 | @a李敏@Ali min |
| 801 | 0 | @aCN@b大连网信软件有限公司图书馆·11@c20071003 |
| 905 | @a213230@dTQ32@eM35 | |
| PageMaker7.0平面设计及排版实用教程/周辉,李敏,董丽晖.-北京:清华大学出版社,2006 |
| 267;26cm |
| ISBN 7-302-12169-9:¥26.00 |
| ● |
| 相关链接 |
|
|
|
|
正题名:PageMaker7.0平面设计及排版实用教程
索取号:TQ32/M35
 
预约/预借
| 序号 | 登录号 | 条形码 | 馆藏地/架位号 | 状态 | 备注 |
| 1 | 6401267 | 264012678 | 密集书库-美术系/ [索取号:TQ32/M35] | 在馆 |